000 00688nam a2200253Ia 4500
001 7398
005 20240113234013.0
007 ta
008 050705s1990 a g b000 u hin u
020 _cHB
040 _aCotton College Assam
041 _ahin
082 _a891.43109
_bGu 959 Su
100 _aGupta, Chamanlal .
245 0 _aSudama Pande Dhumil Ki Kavita Mein Yathartha-Bodh /
_cChamanlal Gupta.
_hTextual Documents
250 _a1st ed. /
260 _aDelhi :
_bBhavna Prakashan ,
_c1990.
300 _a167p. :
_bill. ;
_c22cm .
653 _aHindi poetry-Criticism
653 _aMS-Hindi
942 _2ddc
_cBK
999 _c7385
_d7385